| 000 | 00728nam a2200241 i 4500 | ||
|---|---|---|---|
| 001 | bg | ||
| 003 | BPK | ||
| 005 | 20211201103441.0 | ||
| 008 | 950504s1993 pl f f |000 0 pol d | ||
| 020 | _a8371010680 | ||
| 040 | _cBPK | ||
| 041 |
_apol _heng |
||
| 080 | _a004.451 | ||
| 080 | _a(07) | ||
| 100 | 1 |
_aSimpson, Alan _d(1953- ) _eAutor |
|
| 245 | 0 |
_aSekrety DOS-a 6.0. _nT.1 / _c[Alan Simpson] ; tł. [z ang.] A. Wojtaszczyk [et al.]. |
|
| 260 |
_aWarszawa : _bWydaw. PLJ, _c1993. |
||
| 300 |
_a274 s. : _bil. ; _c24 cm + _edyskietka. |
||
| 655 | 4 | _aPodręcznik | |
| 650 | 4 | _aDOS | |
| 856 |
_uhttp://koha.tu.koszalin.pl/cgi-bin/koha/opac-detail.pl?biblionumber=6287 _yKatalog online BPK |
||
| 942 |
_cKS _2UKD |
||
| 999 |
_c6287 _d6287 |
||